000 01517nam a2200421 i 4500
001 ELB115675
003 FINmELB
005 20250326043142.0
006 m o u
007 cr cn|||||||||
008 200229s2015 ec o 000 0 spa d
020 _a9789942063076
_q(e-book)
035 _a(OCoLC) 1105531656
040 _aFINmELB
_bspa
_erda
_cFINmELB
050 4 _aK52.S6
_bS164 2015
080 _a34(03)
082 0 _a340.03
_223
100 1 _aSalgado Valdez, Roberto.
245 1 0 _aVoces conceptuales de derecho societario.
_ntomo I /
_cRoberto Salgado Valdez.
264 1 _aQuito :
_bCorporación de Estudios y Publicaciones,
_c2015.
300 _a1 recurso en línea (284 páginas)
336 _atexto
_btxt
_2rdacontent/spa
337 _acomputadora
_bc
_2rdamedia/spa
338 _arecurso en línea
_bcr
_2rdacarrier/spa
588 _aDescripción basada en metadatos suministrados por el editor y otras fuentes.
590 _aRecurso electrónico. Santa Fe, Arg.: elibro, 2020. Disponible vía World Wide Web. El acceso puede estar limitado para las bibliotecas afiliadas a elibro.
650 0 _aLaw
_vDictionaries.
650 0 _aCorporation law
_vDictionaries.
650 4 _aDerecho.
650 4 _aDiccionario.
655 4 _aLibros electrónicos.
797 2 _aelibro, Corp.
856 4 0 _uhttps://elibro.net/ereader/usam/115675
999 _c141482
_d141482